An algebraic approach to non-classical logics /
Guardado en:
| Autor Principal: | |
|---|---|
| Formato: | Libro |
| Idioma: | English |
| Publicado: |
Amsterdam : New York :
North-Holland ; American Elsevier,
1974.
|
| Series: | Studies in logic and the foundations of mathematics ;
v. 78 |
| Etiquetas: |
Agregar Etiqueta
Sin Etiquetas, Sea el primero en etiquetar este registro!
|
| LEADER | 00699nam a22002055a 4500 | ||
|---|---|---|---|
| 001 | MAT.inmabb002275 | ||
| 008 | 740919s1974####ne#######b####001#0#eng#d | ||
| 005 | 20130312164236.0 | ||
| 245 | 1 | 3 | |a An algebraic approach to non-classical logics / |c Helena Rasiowa. |
| 260 | |a Amsterdam : |b North-Holland ; |a New York : |b American Elsevier, |c 1974. | ||
| 300 | |a xv, 403 p. ; |c 23 cm. | ||
| 440 | 0 | |a Studies in logic and the foundations of mathematics ; |v v. 78 | |
| 504 | |a Bibliografía: p. [380]-390. | ||
| 510 | 4 | |a MR, |c 56 #5285 | |
| 020 | |a 0720422647 | ||
| 100 | 1 | |a Rasiowa, Helena. | |
| 084 | |a 03Gxx (03G10 06Bxx) |2 msc2000 | ||
| 010 | |a 74180084 | ||
| 044 | |a ne |a nyu | ||
| 859 | |h 03 |i R224 |p A-3931 |b BIB. MATEMATICA | ||
